ARRUPE JESUIT UNIVERSITY

CORONAVIRUS -STOP THE SPREAD - CLEAN,DISINFECT,COVER

The Oxford handbook of religion and violence / (Record no. 124622)

MARC details
000 -LEADER
fixed length control field 01086cam a2200301 a 4500
001 - CONTROL NUMBER
control field 17249300
003 - CONTROL NUMBER IDENTIFIER
control field ARRUPE
005 - DATE AND TIME OF LATEST TRANSACTION
control field 20160414153529.0
008 - FIXED-LENGTH DATA ELEMENTS--GENERAL INFORMATION
fixed length control field 120410s2013 nyu b 001 0 eng
010 ## - LIBRARY OF CONGRESS CONTROL NUMBER
LC control number 2012012032
020 ## - INTERNATIONAL STANDARD BOOK NUMBER
International Standard Book Number 9780199759996 (hardcover : alk. paper)
040 ## - CATALOGING SOURCE
Original cataloging agency DLC
Transcribing agency DLC
Modifying agency DLC
042 ## - AUTHENTICATION CODE
Authentication code pcc
050 00 - LIBRARY OF CONGRESS CALL NUMBER
Classification number BL65.V55
Item number O94 2013
082 00 - DEWEY DECIMAL CLASSIFICATION NUMBER
Classification number 201/.76332
Edition number 23
300 ## - PHYSICAL DESCRIPTION
Dimensions 26 cm.
245 04 - TITLE STATEMENT
Title The Oxford handbook of religion and violence /
Statement of responsibility, etc edited by Mark Juergensmeyer, Margo Kitts, and Michael Jerryson.
246 30 - VARYING FORM OF TITLE
Title proper/short title Handbook of religion and violence
260 ## - PUBLICATION, DISTRIBUTION, ETC. (IMPRINT)
Place of publication, distribution, etc New York :
Name of publisher, distributor, etc Oxford University Press,
Date of publication, distribution, etc c2013.
300 ## - PHYSICAL DESCRIPTION
Extent xiii, 653 p. ;
504 ## - BIBLIOGRAPHY, ETC. NOTE
Bibliography, etc Includes bibliographical references and index.
650 #0 - SUBJECT ADDED ENTRY--TOPICAL TERM
Topical term or geographic name as entry element Violence
General subdivision Religious aspects.
9 (RLIN) 23841
700 1# - ADDED ENTRY--PERSONAL NAME
Personal name Juergensmeyer, Mark.
9 (RLIN) 23842
700 1# - ADDED ENTRY--PERSONAL NAME
Personal name Kitts, Margo,
Dates associated with a name 1952-
9 (RLIN) 23843
700 1# - ADDED ENTRY--PERSONAL NAME
Personal name Jerryson, Michael K.
9 (RLIN) 23844
906 ## - LOCAL DATA ELEMENT F, LDF (RLIN)
a 7
b cbc
c orignew
d 1
e ecip
f 20
g y-gencatlg
942 ## - ADDED ENTRY ELEMENTS (KOHA)
Source of classification or shelving scheme Library of Congress Classification
Koha item type Monograph ( Printed materials)
Holdings
Withdrawn status Lost status Source of classification or shelving scheme Damaged status Not for loan Home library Current library Date acquired Total Checkouts Full call number Barcode Date last seen Date checked out Price effective from Koha item type
    Library of Congress Classification     ARRUPE LIBRARY ARRUPE LIBRARY 14/04/2016 12 BL65.V55 O94 2013 46500007714 28/04/2025 03/04/2025 14/04/2016 Monograph ( Printed materials)

 

Arrupe Library. PO Box MP320 Mt Pleasant, Harare, Zimbabwe
263 242 745411|librarian@aju.ac.zw